[Event "VIE-ch U09"]
[Site "Ho Chi Minh City"]
[Date "2014.07.16"]
[Round "6"]
[White "Tran, Chi Hai"]
[Black "Le, Ho Hoang Phuc"]
[Result "0-1"]
[WhiteElo "1514"]
[BlackElo "1469"]
[PlyCount "54"]
[EventDate "2014.07.13"]
[EventType "swiss"]
[EventRounds "9"]
[EventCountry "VIE"]
[SourceTitle "EXT 2016"]
[Source "ChessBase"]
[SourceDate "2015.10.08"]
[SourceVersion "1"]
[SourceVersionDate "2015.10.08"]
[SourceQuality "1"]

1. e4 e5 2. Nf3 Nc6 3. d3 Nf6 4. Bg5 Be7 5. h3 0-0 6. Be2 d6 7. 0-0 Be6 8. Nc3 d5 9. exd5 Nxd5 10. Bxe7 Qxe7 11. Nxd5 Bxd5 12. Re1 f5 13. c4 Bf7 14. Qb3 e4 15. dxe4 fxe4 16. Bd3 Qf6 17. Bxe4 Bh5 18. Bd5+ Kh8 19. Re6 Qf4 20. Qxb7 Nd4 21. Re4 Nxf3+ 22. gxf3 Qxf3 23. Rh4 Qxf2+ 24. Kh1 Qxh4 25. Bg2 Bf3 26. Bxf3 Qxh3+ 27. Kg1 Qxf3 0-1

[Event "VIE-ch U09"]
[Site "Ho Chi Minh City"]
[Date "2014.07.14"]
[Round "3"]
[White "Phung, Suy Tan"]
[Black "Tran, Chi Hai"]
[Result "1/2-1/2"]
[WhiteElo "1461"]
[BlackElo "1514"]
[PlyCount "48"]
[EventDate "2014.07.13"]
[EventType "swiss"]
[EventRounds "9"]
[EventCountry "VIE"]
[SourceTitle "EXT 2016"]
[Source "ChessBase"]
[SourceDate "2015.10.08"]
[SourceVersion "1"]
[SourceVersionDate "2015.10.08"]
[SourceQuality "1"]

1. e4 e5 2. Nf3 Nc6 3. Nc3 Nf6 4. Bc4 d6 5. d3 Be7 6. 0-0 0-0 7. Be3 h6 8. Nd2 Re8 9. Qf3 Kf8 10. Rad1 Bg4 11. Qg3 Bxd1 12. Rxd1 Nh5 13. Qf3 Nf6 14. Nd5 a6 15. Nxf6 Bxf6 16. Qh5 Re7 17. Bxh6 gxh6 18. Qxh6+ Bg7 19. Qh5 Na5 20. Re1 Nxc4 21. Nxc4 b5 22. Ne3 c6 23. Nf5 Re6 24. Nxg7 Kxg7 1/2-1/2

[Event "VIE-ch U09"]
[Site "Ho Chi Minh City"]
[Date "2014.07.13"]
[Round "2"]
[White "Tran, Chi Hai"]
[Black "Huynh, Thien Phu"]
[Result "0-1"]
[WhiteElo "1514"]
[BlackElo "1471"]
[PlyCount "112"]
[EventDate "2014.07.13"]
[EventType "swiss"]
[EventRounds "9"]
[EventCountry "VIE"]
[SourceTitle "EXT 2016"]
[Source "ChessBase"]
[SourceDate "2015.10.08"]
[SourceVersion "1"]
[SourceVersionDate "2015.10.08"]
[SourceQuality "1"]

1. e4 c5 2. Qh5 Nf6 3. Qf3 d6 4. Bb5+ Bd7 5. Bxd7+ Nbxd7 6. d3 e5 7. Ne2 Be7 8. 0-0 0-0 9. h3 h6 10. Qg3 Nh5 11. Qf3 Nhf6 12. Qg3 Nh5 13. Qf3 Ndf6 14. Ng3 Nf4 15. Bxf4 exf4 16. Qxf4 a6 17. Nf5 g5 18. Nxe7+ Qxe7 19. Qf3 Nh7 20. Nc3 Qe5 21. Qf5 Nf6 22. Qxe5 dxe5 23. Nd5 Nxd5 24. exd5 b5 25. Rfe1 Rfe8 26. Re2 Rad8 27. c4 bxc4 28. dxc4 Rb8 29. b3 Rb4 30. Rae1 f6 31. Re3 Ra8 32. d6 Rd8 33. Rd3 a5 34. d7 Rb7 35. Rd6 Kf7 36. Ra6 Rbxd7 37. Rxa5 Rc7 38. a4 Rd3 39. Rb1 Ke6 40. Ra6+ Kf5 41. g4+ Kg6 42. a5 Rxh3 43. Ra8 Rd3 44. a6 Rdd7 45. Ra1 Ra7 46. Rxa7 Rxa7 47. Ra5 f5 48. gxf5+ Kxf5 49. Rxc5 Rxa6 50. b4 Kf4 51. b5 Ra1+ 52. Kg2 Ra2 53. b6 g4 54. b7 g3 55. b8Q Rxf2+ 56. Kh3 Rh2# 0-1